PREMIER LEAGUE 23/24 KLUBY - Statystyki

Ogólne statystyki
  • Ten quiz został rozwiązany 204 razy
    96 od ostatniego zresetowania
  • Średni wynik to 17 z 20
Statystyki odpowiedzi
Odpowiedź % Poprawnych
Arsenal FC
100%
Manchester City
100%
Manchester United
100%
Chelsea FC
97%
Liverpool FC
97%
Aston Villa
89%
Newcastle United
87%
Tottenham Hotspur
87%
Everton FC
86%
Brighton & Hove Albion
84%
Luton Town
83%
FC Burnley
80%
West Ham United
76%
Crystal Palace
74%
Brentford FC
73%
Wolverhampton Wanderers
71%
Fulham FC
70%
Nottingham Forest
70%
Sheffield United
69%
AFC Bournemouth
66%
Nie znaleziono quizów pasujących do podanych kryteriów
Rozkład punktacji
Procent ludzi z każdym wynikiem
Percentyl według liczby udzielonych odpowiedzi
Twoja historia wyników
Nie rozwiązałeś tego quizu od ostatniego zresetowania